Miasta kończące się na N według podpowiedzi - Statystyki

Ogólne statystyki
  • Ten quiz został rozwiązany 1 382 razy
  • Średni wynik to 9 z 20
Statystyki odpowiedzi
Wskazówka Odpowiedź % Poprawnych
Miasto podzielone na dwie strefy wpływów aż do 1989 r. Berlin
90%
Drugie największe miasto Francji Lyon
86%
Siedziba polskiego klubu piłkarskiego MKS Pogoń Szczecin
83%
W 2018 r. miasto te było drugim najczęściej odwiedzanym na świecie, zaraz po Bangkoku Londyn
76%
Stolica Jordanii Amman
67%
Drugie najbardziej zaludnione miasto na Bliskim Wschodzie *ludność liczona na podstawie obszaru zurbanizowanego Teheran
60%
Miasto Oceanii, którego nazwa upamiętnia zwycięzcę bitwy pod Waterloo (Wskazówka: leży w Nowej Zelandii) Wellington
60%
Kartel Pablo Escobara miał tam swoją siedzibę Medellín
50%
Miasto, w którym można znaleźć siedzibę Prada Group S.p.A. Mediolan
46%
Stolica Teksasu Austin
45%
Położone jest we Francji, a od 1309 r. było siedzibą papieży Awinion
36%
Koreańskie miasto posiadające połączenia promowe z Shimonoseki, Fukuoką oraz Hiroszimą w Japonii. Busan
31%
Trzecie najbardziej zaludnione miasto RPA, zaraz po Kapsztadzie i Johannesburgu Durban
31%
Jego przedmieścia obejmują Cambridge, Brookline i Salem Boston
30%
Leży nad rzeką Liffey, także znane jest jako "Baile Átha Cliath" Dublin
29%
Stolica Mjanmy w latach 1886-2006 Rangun
26%
Najbardziej zaludnione miasto stanu Quintana Roo leżącego na Półwyspie Jukatan Cancún
22%
Miasto, w którym znajduje się największy port Sudanu Port Sudan
19%
Miasto bezpośrednio graniczące z Hong Kongiem, leżące w Delcie Rzeki Perłowej Shenzhen
18%
Największe miasto kanadyjskiej prowincji Saskatchewan Saskatoon
14%
Nie znaleziono quizów pasujących do podanych kryteriów
Rozkład punktacji
Procent ludzi z każdym wynikiem
Percentyl według liczby udzielonych odpowiedzi
Twoja historia wyników
Nie rozwiązałeś tego quizu